000 00418nam a2200169Ia 4500
005 20251020182554.0
008 200515s9999 xx 000 0 und d
082 _aR/682/O28/5
110 _aEdiciones Océano
245 0 _aBiblioteca Atrium de la Herrería : Muros, cortinas y divisiones interiores
260 _aBarcelona
260 _cs.a.
300 _a117
650 _aLIB
650 _aMUROS
942 _cLIB
999 _c2818
_d2818